| 000 | 01350nam a2200265Ia 4500 | ||
|---|---|---|---|
| 999 |
_c41414 _d41414 |
||
| 001 | 8076 | ||
| 003 | GE_BSU | ||
| 005 | 20200117170020.0 | ||
| 008 | 181216s2013||||ge |||||||||||||| ||geo|| | ||
| 020 | _a9789941435140 | ||
| 040 | _cGE_BSU | ||
| 041 | _ageo | ||
| 080 | _a94(479.223) ბ-50 | ||
| 100 |
_aბეჟანიძე, ციალა _96221 |
||
| 245 |
_aზენდიდის ციხე ; ბეჟანიძეთა საგვარეულო = Zendidi Fortress ; Bezhanidze Patrimonial = Зендидская Крепость ; Род Бежанидзе = Zendid Kalesi ; Bejanidze Sulalesi / _c ციალა ბეჟანიძე ; [რედ. რამაზ ხალვაში]. |
||
| 264 |
_aთბილისი : _bალიონი, _c2013. |
||
| 300 |
_a214 გვ.; _bფოტოსურ. + 1 ჩართ. ფურც. სქემა ; _c22 სმ. |
||
| 500 | _a ავტორის ბიოგრაფია: გვ. 213. | ||
| 504 | _aბიბლიოგრ. ტექსტ. შენიშვნ. | ||
| 520 | _aრეზიუმე ინგლ.რუს. თურქ.ენ. | ||
| 653 | _aზენდიდის ციხე | ||
| 653 | _aისტორია | ||
| 700 |
_aხალვაში, რამაზ _eრედაქტორი _92151 |
||
| 942 |
_cBK _2udc |
||